Central control of regional budgets theory with applications to Russia

Saved in:
Bibliographic Details
Main Author: Litwack, John M.
Format: Book
Language:English
Published: Paris OECD-Economics Department 2001
Series:Working Papers No. 275
Subjects:
Tags: Add Tag
No Tags, Be the first to tag this record!

MARC

LEADER 00000nam a2200000 4500
001 c125100
005 20221221091432.2
041 0 |a eng 
044 |a FR 
245 1 0 |a Central control of regional budgets  |b theory with applications to Russia  |c by John M. Litwack 
264 1 |a Paris  |b OECD-Economics Department  |c 2001 
300 |a 26 s. 
490 1 |a Working Papers  |v No. 275 
830 0 |a Working Papers  |v No. 275 
610 2 0 |a riadenie administratívne 
610 2 0 |a riadenie hospodárske 
610 2 0 |a regióny 
610 2 0 |a informácie 
610 2 0 |a decentralizácia 
610 2 0 |a rozpočty 
610 2 0 |a dane 
610 2 0 |a investície 
610 2 0 |a konkurencia medzinárodná 
610 2 0 |a Rusko 
610 2 0 |a OECD 
100 1 |a Litwack, John M.